书目信息 |
| 题名: |
中国人心理问题诊断
|
|
| 作者: | 王国荣 著 | |
| 分册: | 心灵修炼篇 | |
| 出版信息: | 武汉 武汉大学出版社 2010.05 |
|
| 页数: | 245页 | |
| 开本: | 24cm | |
| 丛书名: | ||
| 单 册: | ||
| 中图分类: | R395.6 | |
| 科图分类: | ||
| 主题词: | 心理卫生--xin li wei sheng--普及读物 | |
| 电子资源: | ||
| ISBN: | 978-7-307-07662-4 | |
| 000 | 01033nam0 2200265 450 | |
| 001 | 012010947322 | |
| 005 | 20100626135434.17 | |
| 010 | @a978-7-307-07662-4@dCNY32.00 | |
| 100 | @a20100626d2010 em y0chiy0120 ea | |
| 101 | 0 | @achi |
| 102 | @aCN@b420000 | |
| 105 | @ay z 000yy | |
| 106 | @ar | |
| 200 | 1 | @a中国人心理问题诊断@Azhong guo ren xin li wen ti zhen duan@i心灵修炼篇@f王国荣著@Fwang guo rong zhu |
| 210 | @a武汉@c武汉大学出版社@d2010.05 | |
| 215 | @a245页@d24cm | |
| 300 | @a健康心态与幸福人生的启示录 | |
| 312 | @a英文并列题名取自封面 | |
| 330 | @a本书主要介绍了中国社会正处在巨变与复杂的转型时期,人们成功地告别了物质贫乏和价值观念单一僵化的年代,而步入了一个物质丰富、生存压力增大和价值观念多元化的时代,在这全新的时代里,每一个人的心灵都在经受严酷的考验。 | |
| 510 | 1 | @aDiagnosis of chinese psychological problems@zeng |
| 606 | 0 | @a心理卫生@Axin li wei sheng@j普及读物 |
| 690 | @aR395.6@v4 | |
| 701 | 0 | @a王国荣@Awang guo rong@4著 |
| 801 | 0 | @aCN@bQSSK@c20100626 |
| 905 | @b784638-40@dR395.6@eW195@f3 | |
| 中国人心理问题诊断.心灵修炼篇/王国荣著.-武汉:武汉大学出版社,2010.05 |
| 245页;24cm |
| 健康心态与幸福人生的启示录 |
| ISBN 978-7-307-07662-4:CNY32.00 |
| 本书主要介绍了中国社会正处在巨变与复杂的转型时期,人们成功地告别了物质贫乏和价值观念单一僵化的年代,而步入了一个物质丰富、生存压力增大和价值观念多元化的时代,在这全新的时代里,每一个人的心灵都在经受严酷的考验。 |
| ● |
| 相关链接 |
|
|
|
正题名:中国人心理问题诊断
索取号:R395.6/W195
 
预约/预借
| 序号 | 登录号 | 条形码 | 馆藏地/架位号 | 状态 | 备注 |
| 1 | 784638 | 207846385 | 自科库401/401自科库 16排1列1层/ [索取号:R395.6/W195] | 在馆 | |
| 2 | 784639 | 207846394 | 自科库401/401自科库 16排1列1层/ [索取号:R395.6/W195] | 在馆 | |
| 3 | 784640 | 207846401 | 自科库401/401自科库 16排1列1层/ [索取号:R395.6/W195] | 在馆 |